LEADER 01703nas 2200565- 450 001 9910217057203321 005 20211021213021.0 011 $a2307-1133 035 $a(OCoLC)1012790808 035 $a(CKB)2660000000039278 035 $a(CONSER)--2018252040 035 $a(EXLCZ)992660000000039278 100 $a20171012a20119999 --- - 101 0 $aukr 135 $aur|n||||||||| 181 $ctxt$2rdacontent 182 $cc$2rdamedia 183 $acr$2rdacarrier 200 00$aBol?, sustavy, pozvonochnik 210 1$aKyiv :$cZaslavski? izdatel?ski? dom 215 $a1 online resource 300 $aRefereed/Peer-reviewed 311 $a2224-1507 517 1 $aBil?, suhloby, khrebet 517 1 $aPain, joints, spine 531 0 $aBol? sustavy pozvono?. 606 $aBackache$vPeriodicals 606 $aSpine$xDiseases$vPeriodicals 606 $aBack Pain 606 $aArthralgia 606 $aSpinal Diseases 606 $aBackache$2fast$3(OCoLC)fst00825091 606 $aSpine$xDiseases$2fast$3(OCoLC)fst01129929 608 $aElectronic journals. 608 $aPeriodical. 608 $aPeriodicals.$2fast 608 $aPeriodicals.$2lcgft 615 0$aBackache 615 0$aSpine$xDiseases 615 12$aBack Pain. 615 22$aArthralgia. 615 22$aSpinal Diseases. 615 7$aBackache. 615 7$aSpine$xDiseases. 712 02$aUkraïns?ka asot?siat?sii?a osteoporozu, 712 02$aUkraïns?ka asot?siat?sii?a menopauzy, andropauzy ta zakhvori?uvan? kistkovo-m'i?azovoï systemy, 906 $aJOURNAL 912 $a9910217057203321 996 $aBol?, sustavy, pozvonochnik$91887855 997 $aUNINA LEADER 01345nam0-2200433---450- 001 990000961740203316 005 20060307132628.0 010 $a88-420-5094-6 035 $a0096174 035 $aUSA010096174 035 $a(ALEPH)000096174USA01 035 $a0096174 100 $a20020214d1996----km-y0ITAy01------ba 101 $aita 102 $aIT 105 $a||||||||001yy 200 1 $a<> testo letterario$eistruzioni per l'uso$fsaggi di Corrado Bologna ... et al.$ga cura di Mario Lavagetto 210 $aRoma$cLaterza$d1996 215 $aXII, 311 p$d21 cm 225 2 $aManuali Laterza$v80 410 1$12001$aManuali Laterza$v80 606 0 $aLetteratura$xAnalisi strutturale 676 $a808.0014 702 1$aBOLOGNA,$bCorrado 702 1$aLAVAGETTO,$bMario 801 0$aIT$bsalbc$gISBD 912 $a990000961740203316 951 $aVIII.3. 990(V C 1495)$b136173 LM$cV C 951 $aVIII.3. 990a(V C 1495 BIS)$b145413 LM$cV C 951 $aVIII.3. 990b(V C 1495 A)$b164506 L.M.$cV C 959 $aBK 969 $aUMA 979 $aPATTY$b90$c20020214$lUSA01$h1540 979 $c20020403$lUSA01$h1738 979 $aPATRY$b90$c20040406$lUSA01$h1706 979 $aCOPAT6$b90$c20060307$lUSA01$h1325 979 $aCOPAT6$b90$c20060307$lUSA01$h1326 996 $aTesto letterario$985580 997 $aUNISA